000 00621nam a22001937a 4500
003 koha_MIRAKIL
005 20250422103217.0
008 250422b tur||||| |||| 00| 0 tur d
020 _a9786052275757
040 _aTR-IsEVY
_btur
_cTR-IsEVY
082 _a529.7 DUF/Z
100 _aDufresne, Rhea
245 0 _aZaman :
_bkısa, uzun, çok uzun ... /
_cRhea Dufresne ; resimleyen Arianna Tamburini.
260 _aİstanbul :
_bNobel Çocuk,
_c2022.
300 _a32 s. :
_brenkli resimli ;
_c22 cm.
650 _aDoğa Bilimleri.
_vZaman.
_vKısa- Uzun.
700 1 _aTamburini, Arianna.
_cresimleyen.
942 _2ddc
_cBK
999 _c21935
_d21935